Historia del mundo en la edad moderna

Kaydedildi:
Detaylı Bibliyografya
Yazar: Ibarra y Rodríguez, Eduardo (Yazar)
Materyal Türü: Kitap
Dil:İspanyolca
Baskı/Yayın Bilgisi: Barcelona, España Ramón Sopena 1955
Edisyon:Segunda edición
Konular:
Etiketler: Etiketle
Etiket eklenmemiş, İlk siz ekleyin!

MARC

LEADER 00000nam a2200000 a 4500
001 UCO0280
003 CL-VaPUC
005 20211210074339.0
008 000420e19550000SP |||||||||||||||||spa|d
999 |c 286993  |d 286991 
040 |c Pontificia Universidad Católica de Valparaíso 
082 0 4 |a 909.08 IBA 1955  |2 21 
100 |a Ibarra y Rodríguez, Eduardo  |e author  |9 587891 
245 1 0 |a Historia del mundo en la edad moderna 
250 |a Segunda edición 
260 |a Barcelona, España  |b Ramón Sopena  |c 1955 
300 |a 11 volúmenes 
500 |a v.1: El Renacimiento 
500 |a v.3: Las Guerras de Religión 
500 |a v.4: La Guerra de los Treinta Años 
500 |a v.6: El Siglo XVIII 
500 |a v.7: La Revolución Francesa 
500 |a v.8: Napoleón 
500 |a v.9: La estauración 
500 |a v.10: El Nacimiento de las Nacionalidades 
500 |a v.11: La Edad Contemporánea Hasta 1914 
583 |a last modification  |c 20160826 11:17:14  |k Rodrigo Vera 
600 0 7 |a NAPOLEON BONAPARTE  |2 CL-VaPUC  |9 315596 
650 0 |a Historia moderna  |9 268036 
650 0 |a Renacimiento  |9 255107 
650 7 |a GUERRAS RELIGIOSAS  |2 CL-VaPUC  |9 441436 
650 7 |a GUERRA DE LOS TREINTA AÑOS  |2 CL-VaPUC  |9 441437 
650 0 |a Revolución francesa  |9 324244 
650 0 |a Historia contemporánea  |9 343224 
942 |c BK  |2 ddc 
945 |d 20000420 00:00:00  |a rherrera 
952 |0 0  |1 0  |2 ddc  |4 0  |6 909_080000000000000_IBA_1955  |7 0  |8 A  |9 333352  |a BIBHIS  |b BIBHIS  |d 2019-11-20  |h v.1  |i 1264028  |o 909.08 IBA 1955  |p 1264028  |r 2025-01-20  |t 1  |w 2019-11-20  |y BK  |k HIS 
952 |0 0  |1 0  |2 ddc  |4 0  |6 909_080000000000000_IBA_1955  |7 0  |8 A  |9 333353  |a BIBHIS  |b BIBHIS  |d 2019-11-20  |h v.3  |i 1264036  |o 909.08 IBA 1955  |p 1264036  |r 2025-01-20  |t 1  |w 2019-11-20  |y BK  |k HIS 
952 |0 0  |1 0  |2 ddc  |4 0  |6 909_080000000000000_IBA_1955  |7 0  |8 A  |9 333354  |a BIBHIS  |b BIBHIS  |d 2019-11-20  |h v.4  |i 1264044  |o 909.08 IBA 1955  |p 1264044  |r 2025-01-20  |t 1  |w 2019-11-20  |y BK  |k HIS 
952 |0 0  |1 0  |2 ddc  |4 0  |6 909_080000000000000_IBA_1955  |7 0  |8 A  |9 333355  |a BIBHIS  |b BIBHIS  |d 2019-11-20  |h v.6  |i 1264052  |o 909.08 IBA 1955  |p 1264052  |r 2025-01-20  |t 1  |w 2019-11-20  |y BK  |k HIS 
952 |0 0  |1 0  |2 ddc  |4 0  |6 909_080000000000000_IBA_1955  |7 0  |8 A  |9 333356  |a BIBHIS  |b BIBHIS  |d 2019-11-20  |h v.7  |i 1264060  |o 909.08 IBA 1955  |p 1264060  |r 2025-01-20  |t 1  |w 2019-11-20  |y BK  |k HIS 
952 |0 0  |1 0  |2 ddc  |4 0  |6 909_080000000000000_IBA_1955  |7 0  |8 A  |9 333357  |a BIBHIS  |b BIBHIS  |d 2019-11-20  |h v.8  |i 1264079  |o 909.08 IBA 1955  |p 1264079  |r 2025-01-20  |t 1  |w 2019-11-20  |y BK  |k HIS 
952 |0 0  |1 0  |2 ddc  |4 0  |6 909_080000000000000_IBA_1955  |7 0  |8 A  |9 333358  |a BIBHIS  |b BIBHIS  |d 2019-11-20  |h v.9  |i 1264087  |o 909.08 IBA 1955  |p 1264087  |r 2025-01-20  |t 1  |w 2019-11-20  |y BK  |k HIS 
952 |0 0  |1 0  |2 ddc  |4 0  |6 909_080000000000000_IBA_1955  |7 0  |8 A  |9 333359  |a BIBHIS  |b BIBHIS  |d 2019-11-20  |h v.10  |i 1264095  |o 909.08 IBA 1955  |p 1264095  |r 2025-01-20  |t 1  |w 2019-11-20  |y BK  |k HIS 
952 |0 0  |1 0  |2 ddc  |4 0  |6 909_080000000000000_IBA_1955  |7 0  |8 A  |9 333360  |a BIBHIS  |b BIBHIS  |d 2019-11-20  |h v.11  |i 1264109  |o 909.08 IBA 1955  |p 1264109  |r 2025-01-20  |t 1  |w 2019-11-20  |y BK  |k HIS